<?xml version="1.0" encoding="UTF-8"?>
<collection xmlns="http://www.loc.gov/MARC21/slim">
<record>
  <controlfield tag="001">297167</controlfield>
  <controlfield tag="005">20230131174922.0</controlfield>
  <datafield tag="035" ind1=" " ind2=" ">
    <subfield code="a">G:(GEPRIS)331168209</subfield>
  </datafield>
  <datafield tag="024" ind1="7" ind2=" ">
    <subfield code="a">G:(GEPRIS)331168209</subfield>
    <subfield code="d">331168209</subfield>
  </datafield>
  <datafield tag="040" ind1=" " ind2=" ">
    <subfield code="a">GEPRIS</subfield>
    <subfield code="c">http://gepris.its.kfa-juelich.de</subfield>
  </datafield>
  <datafield tag="150" ind1=" " ind2=" ">
    <subfield code="a">Moderne zwischen „Indigeneity“ und „Blackness“: Interamerikanische Vergleichspraktiken in Kulturproduktion, Sozialwissenschaft und Politik (B02+)</subfield>
    <subfield code="y">2017 - 2020</subfield>
  </datafield>
  <datafield tag="371" ind1=" " ind2=" ">
    <subfield code="a">Professor Dr. Olaf Kaltmeier</subfield>
  </datafield>
  <datafield tag="371" ind1=" " ind2=" ">
    <subfield code="a">Professor Dr. Wilfried Raussert</subfield>
  </datafield>
  <datafield tag="450" ind1=" " ind2=" ">
    <subfield code="a">SFB 1288 B02+</subfield>
    <subfield code="w">d</subfield>
    <subfield code="y">2017 - 2020</subfield>
  </datafield>
  <datafield tag="510" ind1="1" ind2=" ">
    <subfield code="a">Deutsche Forschungsgemeinschaft</subfield>
    <subfield code="0">I:(DE-588b)2007744-0</subfield>
    <subfield code="b">DFG</subfield>
  </datafield>
  <datafield tag="550" ind1=" " ind2=" ">
    <subfield code="0">G:(GEPRIS)317664947</subfield>
    <subfield code="a">SFB 1288: Praktiken des Vergleichens: Die Welt ordnen und verändern</subfield>
    <subfield code="w">t</subfield>
  </datafield>
  <datafield tag="680" ind1=" " ind2=" ">
    <subfield code="a">Das Teilprojekt untersucht die in den Amerikas in den ersten Dekaden des 20. Jahrhunderts neu entstehenden identitäts-politischen Vergleichspraktiken in Kulturproduktion, Sozialwissenschaft und Politik. Dabei interessieren vor allem die Vergleiche zweiter Ordnung: a.) Mit Rückgriff auf welche Vergleichshinsichten werden Individuen und Gemeinschaften verglichen? und b.) Durch die Verwendung welcher unterschiedlicher Hinsichten ergeben sich Inkommensurabilitäten oder fügen sich die in den Vergleichen auftretenden Ähnlichkeiten und Unterschiede zu einem kohärenten Gesamtbild, d. h. zu einem übergreifenden komplexen Vergleich auf der Grundlage von ‚Indigeneity‘ bzw. ‚Blackness‘, zusammen?</subfield>
  </datafield>
  <datafield tag="909" ind1="C" ind2="O">
    <subfield code="o">oai:juser.fz-juelich.de:963910</subfield>
    <subfield code="p">authority:GRANT</subfield>
    <subfield code="p">authority</subfield>
  </datafield>
  <datafield tag="980" ind1=" " ind2=" ">
    <subfield code="a">G</subfield>
  </datafield>
  <datafield tag="980" ind1=" " ind2=" ">
    <subfield code="a">AUTHORITY</subfield>
  </datafield>
  <datafield tag="909" ind1="C" ind2="O">
    <subfield code="o">oai:juser.fz-juelich.de:963910</subfield>
  </datafield>
</record>
</collection>